000 00276nam a22001337a 4500
008 170911b xxu||||| |||| 00| 0 eng d
020 _a9780743459082
041 _aeng
080 _a52
100 _a42
101 _aAST
245 _aCOSMOLOGY
_cLEVY,D.H
942 _2udc
_cBK
999 _c27076
_d27076